00528cam a22001692 4500001001100000005001700011008004100028020003000069040001500099100003000114245006300144250001400207260003100221300001800252650004500270650004300315000000907420151217154406.0080824s xx 000 0 eng d a0199298300 :cKES 4198.60 aKABUcKABU1 aSprack, John.@000016003212aA Practical approach to criminal procedure /cJohn Sprack. a 11th ed. aOxford :bO. U. P.,c2006. axlix, 620 p. 0aCriminal procedurezEngland.@0000160033 0aCriminal procedurezWales.@0000160034